Úloha mimovládnych organizácií v rokovaniach o klimatickej zmene diplomová práca

Saved in:
Bibliographic Details
Main Author: Hankovská, Ľuboslava
Corporate Author: Fakulta medzinárodných vzťahov EU. Katedra medzinárodných politických vzťahov
Other Authors: Profant, Tomáš Imrich, 1983-
Format: Book
Language:Slovak
Published: Bratislava 2024
Tags: Add Tag
No Tags, Be the first to tag this record!

MARC

LEADER 00000nbm a2200000 4500
001 0300813
005 20250226115338.3
041 0 |a slo 
044 |a SK 
245 1 0 |a Úloha mimovládnych organizácií v rokovaniach o klimatickej zmene  |b diplomová práca  |c Ľuboslava Hankovská ; školiteľ: Tomáš Imrich Profant 
264 1 |a Bratislava  |c 2024 
300 |a 79 s. 
100 1 |a Hankovská, Ľuboslava 
700 1 |a Profant, Tomáš Imrich, 1983- 
710 2 |a Fakulta medzinárodných vzťahov EU. Katedra medzinárodných politických vzťahov